Railway points and crossings (Record no. 547286)
[ view plain ]
| 000 -LEADER | |
|---|---|
| fixed length control field | 00349nam a22001217a 4500 |
| 082 ## - DEWEY DECIMAL CLASSIFICATION NUMBER | |
| Classification number | 625.163 |
| Author Mark | DOB |
| -- | L-12, P-18 |
| 100 ## - MAIN ENTRY--PERSONAL NAME | |
| Personal name | Dobson, A.A.G |
| 9 (RLIN) | 43494 |
| 245 ## - TITLE STATEMENT | |
| Title | Railway points and crossings |
| Statement of responsibility, etc. | A. A. G. Dobson |
| 260 ## - PUBLICATION, DISTRIBUTION, ETC. | |
| Place of publication, distribution, etc. | London |
| Name of publisher, distributor, etc. | The Technical Press Ltd |
| Date of publication, distribution, etc. | 1928 |
| 526 ## - STUDY PROGRAM INFORMATION NOTE | |
| Program name | 0 |
| Interest level | 0 |
| Reading level | 0 |
| Title point value | 625_163000000000000_DOB |
| 650 ## - SUBJECT ADDED ENTRY--TOPICAL TERM | |
| Topical term or geographic name entry element | MCE |
| 9 (RLIN) | 379 |
| 942 ## - ADDED ENTRY ELEMENTS (KOHA) | |
| Source of classification or shelving scheme | |
| Koha item type | Book |
| Withdrawn status | Lost status | Source of classification or shelving scheme | Damaged status | Not for loan | Permanent Location | Current Location | Date acquired | Total Checkouts | Full call number | Barcode | Date last seen | Price effective from | Koha item type |
|---|---|---|---|---|---|---|---|---|---|---|---|---|---|
| Military College of Engineering (MCE) | Military College of Engineering (MCE) | 07/07/2014 | 625.163 DOB | MCE-30112 | 07/07/2014 | 07/07/2014 | Book |
